Polskie miasta, a rzeki - Statystyki

Ogólne statystyki
  • Ten quiz został rozwiązany 695 razy
  • Średni wynik to 7 z 14
Statystyki odpowiedzi
Hint Odpowiedź % Poprawnych
Bydgoszcz Brda
90%
Opole Odra
79%
Przemyśl San
64%
Konin Warta
64%
Ostrołęka Narew
54%
Rzeszów Wisłok
52%
Wyszków Bug
46%
Tarnów Dunajec
43%
Olsztyn Łyna
39%
Kalisz Prosna
39%
Żagań Bóbr
31%
Lublin Bystrzyca
31%
Piła Gwda
29%
Legnica Kaczawa
28%
Nie znaleziono quizów pasujących do podanych kryteriów
Rozkład punktacji
Procent ludzi z każdym wynikiem
Percentyl według liczby udzielonych odpowiedzi
Twoja historia wyników
Nie rozwiązałeś tego quizu